Music Quiz

Random Music or Decade Quiz

4-Letter Band Names Quiz Stats

 Plays Quiz Updated Oct 22, 2018

Score 0/50 Timer 10:00
3 Plays Today
Decade / Style / Song Band name % Correct
70's / Hard rock / 'Back In Black'AC/DC
84.5%
90's / Europop / 'Barbie Girl'Aqua
64.6%
70's / Europop / 'Knowing Me, Knowing You'Abba
64.4%
80's / Pop / 'Wake Me Up Before You Go-Go'Wham!
60.4%
70's / Rock / 'Rock & Roll All Night'Kiss
58.8%
70's / Rock / 'Tom Sawyer'Rush
49.9%
70's / New Wave / 'Whip It'Devo
49.7%
90's / Britpop / 'Song 2'Blur
48%
90's / Rock / 'Freak On A Leash'Korn
47.6%
70's / Rock / 'Come Sail Away'Styx
43.6%
90's / Alt Rock / 'Supermassive Black Hole'Muse
35.6%
90's / Modern Rock / 'Celebrity Skin'Hole
33.3%
80's / Rock / 'Heat Of The Moment'Asia
32.7%
90's / Modern Rock / 'Short Skirt / Long Jacket'Cake
31.9%
80's / Soul-jazz / 'Smooth Operator'Sade
31.4%
00's / Indie Pop / 'Kids'MGMT
31.1%
80's / Rock / 'Need You Tonight'INXS
29.3%
70's / Dance / 'Le Freak'Chic
28.6%
70's / Pop / 'Rosanna'Toto
28.2%
90's / Alt Rock / 'I Alone'Live
26.5%
90's / Rock / 'Everything Zen'Bush
25.9%
70's / Rock / 'All Right Now'Free
24.3%
80's / Rock / 'Round And Round'Ratt
23.6%
00's / Europop / 'All The Things She Said't.A.T.u.
23.1%
70's / Glam rock / 'Get It On (Bang A Gong)'T. Rex
22.7%
Decade / Style / Song Band name % Correct
90's / Rock / 'Hemorrhage (In My Hands)'Fuel
21.8%
00's / Europop / 'All Rise'Blue
18.7%
90's / Britpop / 'Common People'Pulp
17.2%
90's / Hard Rock / 'Stinkfist'Tool
16.8%
70's / Pop /
'Tie A Yellow Ribbon Round The Ole Oak Tree'
Dawn
16%
00's / Funk-Rock / 'She Wants To Move'N.E.R.D.
11.1%
90's / Dance / 'Rhythm Is A Dancer'Snap!
11%
90's / Europop / 'When The Lights Go Out'Five
10.9%
90's / Modern rock / 'Novocaine for the Soul'eels
10.7%
80's / Europop / 'When Will I Be Famous?'Bros
9.7%
80's / Hip-hop / 'Slam'Onyx
9.3%
60's / Pop / 'Gloria'Them
7.9%
80's / Pop / 'Heart and Soul'T'Pau
7.8%
90's / R&B / 'Too Close'Next
7.4%
60's / Rock / '7 and 7 is'Love
6.8%
90's / Modern Rock / 'Push th' Little Daisies'Ween
6%
80's / Thrash Rock / Scumdogs of the UniverseGWAR
5%
70's / Country Rock / 'Crazy Love'Poco
4.1%
80's / Europop / 'Live Is Life'Opus
3.7%
90's / Soul / 'If I Ever Fall In Love'Shai
3.3%
80's / Europop /
'Da Da Da I Don't Love You You Don't Love Me'
Trio
3.1%
90's / Soul / 'Freak Me'Silk
3.1%
90's / R&B / 'Don't Walk Away'Jade
3%
90's / Britpop / 'Guiding Star'Cast
2.9%
80's / Rock / 'Wind Him Up'Saga
1.9%

You're not logged in!

Compare scores with friends on all Sporcle quizzes.
OR
Log In

Sporcle TV

Today on Sporcle TV


Watch our educational content, quiz creation guides, and fun videos on Sporcle TV.

Show Comments

Extras

Top Quizzes Today


Score Distribution

Your Account Isn't Verified!

In order to create a playlist on Sporcle, you need to verify the email address you used during registration. Go to your Sporcle Settings to finish the process.

Report this User

Report this user for behavior that violates our Community Guidelines.

Details: